Library Logo

Pioneer International University Library Catalogue

Kitumbua kimeingia mchanga / (Record no. 9518)

MARC details
000 -LEADER
fixed length control field 00447nam a22001577a 4500
005 - DATE AND TIME OF LATEST TRANSACTION
control field 20250901165817.0
008 - FIXED-LENGTH DATA ELEMENTS--GENERAL INFORMATION
fixed length control field 010522s2000 ke 000 0 swa
010 ## - LIBRARY OF CONGRESS CONTROL NUMBER
LC control number 2001295178
020 ## - INTERNATIONAL STANDARD BOOK NUMBER
International Standard Book Number 0195729757
050 00 - LIBRARY OF CONGRESS CALL NUMBER
Classification number PL 8704 .M64 2000
100 1# - MAIN ENTRY--PERSONAL NAME
Personal name Mohamed, Said Ahmed,
Dates associated with a name 1947-
245 10 - TITLE STATEMENT
Title Kitumbua kimeingia mchanga /
Statement of responsibility, etc. Said A. Mohamed.
260 ## - PUBLICATION, DISTRIBUTION, ETC.
Place of publication, distribution, etc. Nairobi :
Name of publisher, distributor, etc. Oxford University Press,
Date of publication, distribution, etc. 2000.
300 ## - PHYSICAL DESCRIPTION
Extent iv, 74 p. ;
Dimensions 18 cm.
942 ## - ADDED ENTRY ELEMENTS (KOHA)
Source of classification or shelving scheme Library of Congress Classification
Holdings
Withdrawn status Lost status Source of classification or shelving scheme Damaged status Not for loan Collection Home library Current library Shelving location Date acquired Source of acquisition Total checkouts Full call number Barcode Date last seen Copy number Price effective from Koha item type
    Library of Congress Classification       Main Library Main Library   04/02/2025 Donation from KICD   PL 8704 .M64 2000 PIUD0000630 04/02/2025 1 04/02/2025 Books
    Library of Congress Classification       Main Library Main Library   04/02/2025 Donation from KICD   PL 8704 .M64 2000 PIUD0000631 04/02/2025 2 04/02/2025 Books